[Event "16MCR_F"]
[Site "?"]
[Date "2004.??.??"]
[Round "?"]
[White "Masek, Jan"]
[Black "Dotlacil, Ladislav"]
[Result "1-0"]
[WhiteElo "2365"]
[BlackElo "2410"]
[PlyCount "83"]
[EventDate "2004.04.27"]
[EventType "corr"]
[EventRounds "1"]
[SourceDate "2004.04.27"]

1. e4 c6 2. c4 e5 3. d4 d6 4. Nc3 Nf6 5. Nf3 Nbd7 6. Be2 Be7 7. O-O O-O 8. Re1
a6 9. Bf1 b5 10. a3 Re8 11. Bg5 Bb7 12. h3 exd4 13. Nxd4 h6 14. Bf4 Bf8 15. Nf5
Ne5 16. Qd2 Bc8 17. c5 Bxf5 18. exf5 Qd7 19. Qc2 Qc7 20. Ne4 Nxe4 21. Qxe4 f6
22. cxd6 Bxd6 23. Bd2 Rad8 24. Qc2 c5 25. a4 Qc6 26. f4 Nf7 27. Re6 Re7 28. b3
Qd7 29. Qe4 Rde8 30. axb5 axb5 31. Qd5 Rxe6 32. fxe6 Qxe6 33. Qxe6 Rxe6 34.
Bxb5 Re7 35. Bc4 Kh7 36. Ra6 Bc7 37. Bd3+ Kg8 38. Ra8+ Nd8 39. Kf2 Rd7 40. Bc4+
Kh7 41. Be3 Nc6 42. Bg8+ 1-0

[Event "16MCR_F"]
[Site "?"]
[Date "2004.??.??"]
[Round "?"]
[White "Krouzel, Jaroslav"]
[Black "Hybl, Jaroslav"]
[Result "1/2-1/2"]
[WhiteElo "2360"]
[BlackElo "2430"]
[PlyCount "53"]
[EventDate "2004.04.27"]
[EventType "corr"]
[EventRounds "1"]
[SourceDate "2004.04.27"]

1. d4 Nf6 2. c4 g6 3. Nc3 d5 4. Nf3 Bg7 5. Bf4 O-O 6. Rc1 dxc4 7. e4 Bg4 8.
Bxc4 Bxf3 9. gxf3 Nh5 10. Be3 e5 11. dxe5 Bxe5 12. Qxd8 Rxd8 13. O-O Nd7 14.
Ne2 Bxb2 15. Rb1 Ba3 16. Rxb7 Ne5 17. Bb3 Nxf3+ 18. Kg2 Nd2 19. Rd1 Nxb3 20.
Rxd8+ Rxd8 21. Rxb3 Bd6 22. Bxa7 Nf6 23. f3 Nd7 24. Rb7 Ra8 25. a4 Bc5 26. Bxc5
Nxc5 27. Rxc7 1/2-1/2

[Event "16MCR_F"]
[Site "?"]
[Date "2004.??.??"]
[Round "?"]
[White "Stalmach, Kamil"]
[Black "Boukal, Petr"]
[Result "1/2-1/2"]
[WhiteElo "2360"]
[BlackElo "2435"]
[PlyCount "39"]
[EventDate "2004.04.27"]
[EventType "corr"]
[EventRounds "1"]
[SourceDate "2004.04.27"]

1. e4 e6 2. d4 d5 3. Nd2 Be7 4. Bd3 c5 5. dxc5 Nf6 6. Qe2 O-O 7. Ngf3 a5 8. O-O
Na6 9. exd5 exd5 10. Nb3 Nxc5 11. Bb5 Nce4 12. Nbd4 a4 13. a3 Bg4 14. c3 Bc5
15. Qd1 Qa5 16. Bd3 Rfe8 17. Be3 Nd7 18. h3 Bxf3 19. Qxf3 Ne5 20. Qe2 1/2-1/2

[Event "16MCR_F"]
[Site "?"]
[Date "2004.??.??"]
[Round "?"]
[White "Makovsky, Petr"]
[Black "Pospisil, Ludvik"]
[Result "1/2-1/2"]
[WhiteElo "2325"]
[BlackElo "2445"]
[PlyCount "62"]
[EventDate "2004.04.27"]
[EventType "corr"]
[EventRounds "1"]
[SourceDate "2004.04.27"]

1. e4 e5 2. Nf3 d6 3. d4 exd4 4. Nxd4 Nf6 5. Nc3 Be7 6. Be2 O-O 7. O-O c5 8.
Nb3 Nc6 9. Bf4 Be6 10. Qd2 a5 11. a4 d5 12. exd5 Nxd5 13. Rad1 Nxc3 14. Qxc3
Qb6 15. Qg3 Bxb3 16. Bc7 Qb4 17. cxb3 Bf6 18. Bc4 Nd4 19. Qh3 b5 20. axb5 Nxb5
21. Bf4 Nd4 22. Rfe1 Rad8 23. Bc7 Rfe8 24. Rf1 Rc8 25. Qd7 Kh8 26. Ba6 Ra8 27.
Qxf7 Rf8 28. Qc4 Nxb3 29. Qxb4 cxb4 30. Bc4 Rac8 31. Bxb3 Rxc7 1/2-1/2

[Event "16MCR_F"]
[Site "?"]
[Date "2004.??.??"]
[Round "?"]
[White "Styblo, Pavel"]
[Black "Mezera, Lukas"]
[Result "1/2-1/2"]
[WhiteElo "2320"]
[BlackElo "2260"]
[PlyCount "142"]
[EventDate "2004.04.27"]
[EventType "corr"]
[EventRounds "1"]
[SourceDate "2004.04.27"]

1. d4 Nf6 2. c4 c5 3. d5 e6 4. Nc3 exd5 5. cxd5 d6 6. e4 g6 7. Nge2 Bg7 8. Ng3
O-O 9. Be2 a6 10. a4 Nbd7 11. O-O Re8 12. Bg5 h6 13. Be3 Rb8 14. Rb1 Ne5 15. h3
Qa5 16. Re1 Kh7 17. Qc2 Qc7 18. b4 cxb4 19. Rxb4 Nfd7 20. Bd4 a5 21. Rbb1 Nf3+
22. Bxf3 Bxd4 23. Rec1 Qxc3 24. Qxc3 Bxc3 25. Rxc3 Nc5 26. Bd1 Nxe4 27. Re3 Nf6
28. Rxe8 Nxe8 29. Rb6 Kg7 30. Ne4 Kf8 31. Nd2 Bf5 32. Bb3 Nf6 33. Rb5 b6 34.
Nc4 Nd7 35. Nxd6 Bd3 36. Bc4 Ke7 37. Bxd3 Kxd6 38. Rb2 Nc5 39. Bb5 Kxd5 40.
Rd2+ Ke5 41. g3 g5 42. f3 Ne6 43. Rd7 Nd4 44. Bc4 Nxf3+ 45. Kf2 Nd4 46. Rd5+
Ke4 47. Rd7 Rc8 48. Re7+ Kf5 49. g4+ Kf6 50. Rxf7+ Ke5 51. Bf1 Rc2+ 52. Ke3 Ra2
53. Re7+ Kd6 54. Rb7 Nc2+ 55. Kd3 Nb4+ 56. Kc4 Nd5 57. Kb5 Nc3+ 58. Ka6 Nxa4
59. Rh7 Rb2 60. Rxh6+ Ke5 61. Bb5 Nc3 62. Rg6 Ne4 63. Be8 a4 64. Bxa4 Nc5+ 65.
Ka7 Nxa4 66. Rxg5+ Ke4 67. h4 b5 68. h5 Kf4 69. Rg8 Ra2 70. g5 b4 71. g6 b3
1/2-1/2

[Event "16MCR_F"]
[Site "?"]
[Date "2004.??.??"]
[Round "?"]
[White "Zidu, Jan"]
[Black "Viktora, Zdenek"]
[Result "1-0"]
[WhiteElo "2310"]
[BlackElo "2285"]
[PlyCount "77"]
[EventDate "2004.04.27"]
[EventType "corr"]
[EventRounds "1"]
[SourceDate "2004.04.27"]

1. e4 e5 2. Nf3 Nc6 3. Bb5 a6 4. Ba4 Nf6 5. O-O Be7 6. Re1 b5 7. Bb3 d6 8. c3
O-O 9. h3 Na5 10. Bc2 c5 11. d4 Qc7 12. Nbd2 cxd4 13. cxd4 Bd7 14. Nf1 Rac8 15.
Ne3 Nc6 16. d5 Na5 17. b3 Rfe8 18. Bd2 Qb6 19. Bd3 Nb7 20. b4 Qa7 21. Qe2 Bd8
22. Rec1 Bb6 23. Nh4 g6 24. Rab1 Qa8 25. Nf3 Rxc1+ 26. Rxc1 Rc8 27. Rxc8+ Qxc8
28. Nh2 Kg7 29. Qf3 h6 30. Nhg4 Ng8 31. Qg3 Qe8 32. Nf5+ gxf5 33. Nxh6+ Kh8 34.
Bg5 Bd8 35. Bxd8 Nxd8 36. Nxg8 Qxg8 37. Qh4+ Kg7 38. Qg5+ Kh7 39. Qe7 1-0

[Event "16MCR_F"]
[Site "?"]
[Date "2004.??.??"]
[Round "?"]
[White "Priesol, Daniel"]
[Black "Canibal, Jaromir"]
[Result "1/2-1/2"]
[WhiteElo "2305"]
[BlackElo "2300"]
[PlyCount "65"]
[EventDate "2004.04.27"]
[EventType "corr"]
[EventRounds "1"]
[SourceDate "2004.04.27"]

1. e4 e5 2. Nf3 Nc6 3. d4 exd4 4. Nxd4 Bc5 5. Nxc6 Qf6 6. Qd2 Qxc6 7. Bd3 Ne7
8. O-O O-O 9. b4 Bd4 10. c3 Bf6 11. Qe2 Qe6 12. f4 d6 13. Be3 Qg4 14. Qc2 Ng6
15. Nd2 b6 16. Rae1 Bb7 17. f5 Ne5 18. Be2 Qh4 19. g3 Qh3 20. Rf2 Ng4 21. Bxg4
Qxg4 22. Rf4 Qh3 23. Nf3 c5 24. Bd2 Rfe8 25. c4 Qh5 26. Qd3 Be7 27. bxc5 dxc5
28. Qd7 Rab8 29. Bc3 f6 30. Re3 Qf7 31. e5 Red8 32. Qc7 a6 33. exf6 1/2-1/2

[Event "16MCR_F"]
[Site "?"]
[Date "2004.??.??"]
[Round "?"]
[White "Viktora, Zdenek"]
[Black "Priesol, Daniel"]
[Result "1/2-1/2"]
[WhiteElo "2285"]
[BlackElo "2305"]
[PlyCount "75"]
[EventDate "2004.04.27"]
[EventType "corr"]
[EventRounds "1"]
[SourceDate "2004.04.27"]

1. e4 e5 2. Nf3 Nf6 3. d4 Nxe4 4. Bd3 d5 5. Nxe5 Nd7 6. Qe2 Nxe5 7. Bxe4 dxe4
8. Qxe4 Be6 9. Qxe5 Qd7 10. Nc3 O-O-O 11. Be3 Bb4 12. O-O f6 13. Qf4 Bd6 14.
Qh4 Bf5 15. d5 Kb8 16. Qd4 b6 17. Bf4 Bxf4 18. Qxf4 Bxc2 19. Qc4 Qf5 20. Rfe1
Qd3 21. Qg4 Qf5 22. Qg3 Qg6 23. Qxg6 Bxg6 24. Re7 Rhg8 25. f4 Rde8 26. Rae1
Rgf8 27. Kf2 Rxe7 28. Rxe7 Rf7 29. Rxf7 Bxf7 30. b4 Kb7 31. b5 a6 32. a4 axb5
33. axb5 Kc8 34. g4 Kd7 35. Ke3 Ke7 36. Kd4 Be8 37. h3 Bd7 38. Kc4 1/2-1/2

[Event "16MCR_F"]
[Site "?"]
[Date "2004.??.??"]
[Round "?"]
[White "Mezera, Lukas"]
[Black "Zidu, Jan"]
[Result "0-1"]
[WhiteElo "2260"]
[BlackElo "2310"]
[PlyCount "70"]
[EventDate "2004.04.27"]
[EventType "corr"]
[EventRounds "1"]
[SourceDate "2004.04.27"]

1. e4 c5 2. Nf3 d6 3. Bb5+ Nd7 4. d4 Ngf6 5. Nc3 a6 6. Bxd7+ Nxd7 7. Be3 e6 8.
O-O Be7 9. a4 O-O 10. dxc5 Nxc5 11. a5 b5 12. axb6 Qxb6 13. Qd4 Rb8 14. Rfd1
Qc7 15. e5 d5 16. Bg5 Bxg5 17. Nxg5 a5 18. Ra2 Rb4 19. Qe3 Ba6 20. Nf3 Bc4 21.
b3 Nxb3 22. cxb3 Bxb3 23. Rda1 Bxa2 24. Nxa2 Ra4 25. Rc1 Rc4 26. Ra1 Rc8 27.
Qe1 Qc5 28. Qf1 Qa3 29. Ne1 Rb4 30. h3 h6 31. Nd3 Rd4 32. Nab4 axb4 33. Rxa3
bxa3 34. Nc1 Rc2 35. Nb3 Rdc4 0-1

[Event "16MCR_F"]
[Site "?"]
[Date "2004.??.??"]
[Round "?"]
[White "Pospisil, Ludvik"]
[Black "Styblo, Pavel"]
[Result "1-0"]
[WhiteElo "2445"]
[BlackElo "2320"]
[PlyCount "91"]
[EventDate "2004.04.27"]
[EventType "corr"]
[EventRounds "1"]
[SourceDate "2004.04.27"]

1. e4 c5 2. b3 e6 3. Nf3 d6 4. Bb2 a6 5. Be2 Nf6 6. e5 dxe5 7. Nxe5 Bd6 8. d4
cxd4 9. Qxd4 O-O 10. Nd2 Bc7 11. c4 Qxd4 12. Bxd4 Rd8 13. Bb2 Nbd7 14. Nxd7
Nxd7 15. O-O-O b5 16. cxb5 axb5 17. Bxb5 Rxa2 18. Nc4 Ra8 19. Kc2 Nc5 20. Be5
Ba6 21. Rxd8+ Bxd8 22. Ra1 Bb7 23. Rxa8 Bxa8 24. f3 f6 25. Bd4 Be7 26. b4 Nb7
27. Bc6 Nd6 28. Bxa8 Nxc4 29. Kc3 Nd6 30. Bc6 Nf5 31. Bg1 Bd6 32. b5 Ne7 33.
Be4 f5 34. Bd3 Nd5+ 35. Kc4 g6 36. b6 Kf7 37. Kb5 Ke8 38. Kc6 Ke7 39. Bb5 g5
40. b7 Nc3 41. Kb6 Nd5+ 42. Ka7 g4 43. b8=Q Bxb8+ 44. Kxb8 e5 45. fxg4 fxg4 46.
Bd3 1-0

[Event "16MCR_F"]
[Site "?"]
[Date "2004.??.??"]
[Round "?"]
[White "Boukal, Petr"]
[Black "Makovsky, Petr"]
[Result "1-0"]
[WhiteElo "2435"]
[BlackElo "2325"]
[PlyCount "53"]
[EventDate "2004.04.27"]
[EventType "corr"]
[EventRounds "1"]
[SourceDate "2004.04.27"]

1. e4 e5 2. Bc4 Nf6 3. d3 Nc6 4. Nc3 Na5 5. Nge2 c6 6. a3 Nxc4 7. dxc4 d6 8.
Qd3 Be7 9. O-O Be6 10. b3 O-O 11. Bb2 Nd7 12. Ng3 g6 13. Rfd1 Nc5 14. Qe2 Qc7
15. Bc1 a6 16. f4 exf4 17. Bxf4 b5 18. e5 dxe5 19. Bxe5 Qc8 20. Qe3 bxc4 21.
Bd4 Nb7 22. Nce4 f5 23. Bb2 cxb3 24. cxb3 Rb8 25. Re1 Nd8 26. Qd4 Kf7 27. Nxf5
1-0

[Event "16MCR_F"]
[Site "?"]
[Date "2004.??.??"]
[Round "?"]
[White "Hybl, Jaroslav"]
[Black "Stalmach, Kamil"]
[Result "1/2-1/2"]
[WhiteElo "2430"]
[BlackElo "2360"]
[PlyCount "50"]
[EventDate "2004.04.27"]
[EventType "corr"]
[EventRounds "1"]
[SourceDate "2004.04.27"]

1. d4 d5 2. c4 e6 3. Nc3 c6 4. e3 Nf6 5. Nf3 Nbd7 6. Bd3 dxc4 7. Bxc4 b5 8. Bd3
Bb7 9. O-O a6 10. e4 c5 11. d5 Qc7 12. dxe6 fxe6 13. Bc2 Bd6 14. Ng5 Nf8 15. f4
O-O-O 16. Qe2 h6 17. Nh3 e5 18. f5 c4 19. Be3 Bc5 20. Bxc5 Qxc5+ 21. Nf2 g6 22.
Rad1 Rg8 23. Nd5 Nxd5 24. exd5 Rxd5 25. Rxd5 Bxd5 1/2-1/2

[Event "16MCR_F"]
[Site "?"]
[Date "2004.??.??"]
[Round "?"]
[White "Dotlacil, Ladislav"]
[Black "Krouzel, Jaroslav"]
[Result "1/2-1/2"]
[WhiteElo "2410"]
[BlackElo "2360"]
[PlyCount "33"]
[EventDate "2004.04.27"]
[EventType "corr"]
[EventRounds "1"]
[SourceDate "2004.04.27"]

1. d4 f5 2. g3 Nf6 3. Bg2 d6 4. Nc3 d5 5. Nf3 e6 6. O-O Be7 7. Bg5 O-O 8. e3 h6
9. Bxf6 Bxf6 10. Ne2 c6 11. Nf4 Qe8 12. Nd3 Nd7 13. Rc1 e5 14. dxe5 Nxe5 15.
Ndxe5 Bxe5 16. Nxe5 Qxe5 17. c3 1/2-1/2

[Event "16MCR_F"]
[Site "?"]
[Date "2004.??.??"]
[Round "?"]
[White "Hala, Martin"]
[Black "Masek, Jan"]
[Result "1-0"]
[WhiteElo "2410"]
[BlackElo "2365"]
[PlyCount "108"]
[EventDate "2004.04.27"]
[EventType "corr"]
[EventRounds "1"]
[SourceDate "2004.04.27"]

1. e4 e5 2. Nf3 Nc6 3. Bb5 a6 4. Ba4 Nf6 5. O-O Be7 6. Re1 b5 7. Bb3 O-O 8. c3
d5 9. exd5 Nxd5 10. Nxe5 Nxe5 11. Rxe5 c6 12. Re1 Bd6 13. d3 Qh4 14. g3 Qh3 15.
Re4 Qd7 16. Nd2 Bb7 17. Re1 c5 18. Ne4 Rae8 19. Bg5 Qc6 20. Qf3 Be7 21. a4 f6
22. axb5 axb5 23. Bd2 f5 24. Bf4 fxe4 25. dxe4 c4 26. exd5 Qg6 27. Ra7 Qb6 28.
Bc2 Qxa7 29. Qh5 h6 30. Qg6 Rxf4 31. gxf4 Kf8 32. d6 Qc5 33. Re6 Bc8 34. Qxe8+
Kxe8 35. Bg6+ Kd8 36. dxe7+ Qxe7 37. Rxe7 Kxe7 38. Kg2 Bd7 39. Kf3 Ke6 40. Ke4
Bc6+ 41. Kd4 Kd6 42. f5 Bd7 43. Ke4 Bc6+ 44. Kf4 Bd7 45. Bh5 Kd5 46. Bf3+ Kd6
47. h4 Be8 48. f6 gxf6 49. Kf5 Ke7 50. Bd1 Bf7 51. Be2 Be8 52. Bf3 Bd7+ 53. Kg6
f5 54. Kxh6 Kf6 1-0

[Event "16MCR_F"]
[Site "?"]
[Date "2004.??.??"]
[Round "?"]
[White "Masek, Jan"]
[Black "Trexler, Evzen"]
[Result "1/2-1/2"]
[WhiteElo "2365"]
[BlackElo "2400"]
[PlyCount "97"]
[EventDate "2004.04.27"]
[EventType "corr"]
[EventRounds "1"]
[SourceDate "2004.04.27"]

1. e4 e5 2. Nf3 Nf6 3. Nxe5 d6 4. Nf3 Nxe4 5. d4 d5 6. Bd3 Be7 7. O-O Nc6 8.
Re1 Bg4 9. c4 Nf6 10. cxd5 Bxf3 11. Qxf3 Qxd5 12. Qxd5 Nxd5 13. Nc3 O-O-O 14.
Be4 Bb4 15. Bd2 Nf6 16. Bxc6 bxc6 17. Be3 Nd5 18. Rac1 Nxe3 19. fxe3 c5 20. Rf1
f6 21. Rf5 Rhe8 22. a3 Bxc3 23. bxc3 Rxe3 24. Rxc5 Re2 25. Ra5 Rde8 26. Rxa7
Kd7 27. Rd1 Rb8 28. d5 Rb6 29. a4 Kd6 30. c4 Rc2 31. a5 Rbb2 32. c5+ Rxc5 33.
Ra6+ Ke5 34. Rc6 Rxa5 35. Rxc7 g5 36. d6 Raa2 37. Re7+ Kf5 38. g4+ Kg6 39. h3
Rg2+ 40. Kh1 Rh2+ 41. Kg1 Rhg2+ 42. Kh1 Rh2+ 43. Kg1 Rag2+ 44. Kf1 Rf2+ 45. Kg1
Rfg2+ 46. Kf1 Rf2+ 47. Kg1 Rhg2+ 48. Kh1 Rh2+ 49. Kg1 1/2-1/2

[Event "16MCR_F"]
[Site "?"]
[Date "2004.??.??"]
[Round "?"]
[White "Krouzel, Jaroslav"]
[Black "Hala, Martin"]
[Result "1/2-1/2"]
[WhiteElo "2360"]
[BlackElo "2410"]
[PlyCount "79"]
[EventDate "2004.04.27"]
[EventType "corr"]
[EventRounds "1"]
[SourceDate "2004.04.27"]

1. d4 Nf6 2. c4 g6 3. Nc3 Bg7 4. e4 d6 5. f4 c5 6. d5 O-O 7. Nf3 e6 8. Be2 exd5
9. exd5 Re8 10. O-O Bf5 11. Bd3 Bxd3 12. Qxd3 Nbd7 13. h3 a6 14. a4 Qe7 15. Re1
Qf8 16. Bd2 Rxe1+ 17. Rxe1 Re8 18. f5 Rxe1+ 19. Bxe1 Qe7 20. fxg6 hxg6 21. Bg3
Nh7 22. Ne4 Ne5 23. Nxe5 Bxe5 24. Bxe5 Qxe5 25. b3 f5 26. Nd2 Ng5 27. Nf3 Qa1+
28. Kh2 Ne4 29. Qe3 Kg7 30. h4 b5 31. axb5 axb5 32. Ng5 Qe5+ 33. Kh3 Nxg5+ 34.
Qxg5 bxc4 35. bxc4 Kf7 36. h5 gxh5 37. Qxh5+ Kg7 38. Qg5+ Kf7 39. Qh5+ Kg7 40.
Qg5+ 1/2-1/2

[Event "16MCR_F"]
[Site "?"]
[Date "2004.??.??"]
[Round "?"]
[White "Stalmach, Kamil"]
[Black "Dotlacil, Ladislav"]
[Result "1/2-1/2"]
[WhiteElo "2360"]
[BlackElo "2410"]
[PlyCount "37"]
[EventDate "2004.04.27"]
[EventType "corr"]
[EventRounds "1"]
[SourceDate "2004.04.27"]

1. e4 c6 2. d4 d5 3. e5 c5 4. dxc5 Nc6 5. Bb5 e6 6. Be3 Nge7 7. c3 Bd7 8. Bxc6
Bxc6 9. Nf3 Nf5 10. Bd4 a5 11. b4 axb4 12. cxb4 b6 13. O-O Bb5 14. Re1 Ba4 15.
Qd2 Nxd4 16. Qxd4 bxc5 17. bxc5 Qc7 18. Rc1 Ra5 19. Nc3 1/2-1/2

[Event "16MCR_F"]
[Site "?"]
[Date "2004.??.??"]
[Round "?"]
[White "Makovsky, Petr"]
[Black "Hybl, Jaroslav"]
[Result "0-1"]
[WhiteElo "2325"]
[BlackElo "2430"]
[PlyCount "122"]
[EventDate "2004.04.27"]
[EventType "corr"]
[EventRounds "1"]
[SourceDate "2004.04.27"]

1. e4 c5 2. Nf3 d6 3. d4 cxd4 4. Nxd4 Nf6 5. Nc3 a6 6. Be3 e5 7. Nb3 Be6 8. f3
Nbd7 9. g4 b5 10. g5 b4 11. Ne2 Nh5 12. Qd2 a5 13. Ng3 Nxg3 14. hxg3 a4 15. Nc1
Qa5 16. f4 Nc5 17. Bg2 a3 18. Rb1 Bc4 19. bxa3 Qxa3 20. Kf2 Rb8 21. Rd1 Be7 22.
Bxc5 dxc5 23. Qd7+ Kf8 24. Qc7 Re8 25. Qxe5 h6 26. g6 fxg6 27. Bf1 Bxf1 28.
Rxf1 h5 29. Qe6 Qc3 30. Qb3 Qd4+ 31. Kf3 c4 32. Ne2 cxb3 33. Nxd4 bxa2 34. Rb2
Ra8 35. Ra1 Ra3+ 36. Rb3 Kf7 37. Rxa3 bxa3 38. Rxa2 Rc8 39. e5 Rc3+ 40. Ke4
Rxg3 41. c4 h4 42. Kd5 h3 43. c5 Rc3 44. c6 Bb4 45. Ne6 Rc1 46. Ng5+ Ke7 47.
Nxh3 Rc5+ 48. Ke4 Rxc6 49. Ng5 Ra6 50. Kd3 Kd7 51. Kc4 Be7 52. Nf3 Ra4+ 53. Kd5
Rxf4 54. Nd4 g5 55. Rc2 g4 56. e6+ Kd8 57. Nc6+ Ke8 58. Nxe7 Kxe7 59. Rc7+ Kd8
60. Rd7+ Ke8 61. Ra7 Rf3 0-1

[Event "16MCR_F"]
[Site "?"]
[Date "2004.??.??"]
[Round "?"]
[White "Styblo, Pavel"]
[Black "Boukal, Petr"]
[Result "0-1"]
[WhiteElo "2320"]
[BlackElo "2435"]
[PlyCount "72"]
[EventDate "2004.04.27"]
[EventType "corr"]
[EventRounds "1"]
[SourceDate "2004.04.27"]

1. d4 Nf6 2. c4 g6 3. Nc3 Bg7 4. Nf3 O-O 5. g3 d6 6. Bg2 Nc6 7. O-O a6 8. h3
Rb8 9. Be3 b5 10. Nd2 Bd7 11. Rc1 e6 12. cxb5 axb5 13. Nde4 Nxe4 14. Nxe4 Ne7
15. Qc2 Nd5 16. Bg5 f6 17. Bd2 b4 18. Qb3 Kh8 19. Kh1 h6 20. Be3 f5 21. Nd2 g5
22. f4 Ba4 23. Qd3 Bb5 24. Qb3 gxf4 25. Bxf4 Nxf4 26. gxf4 Bxd4 27. Nf3 Bc5 28.
Qxe6 Rf6 29. Qd5 Qg8 30. Rxc5 dxc5 31. Qxc5 Bc6 32. Rg1 Qd5 33. Qe7 Qd6 34. Qe3
Rg8 35. a3 Rfg6 36. Qe5+ Qxe5 0-1

[Event "16MCR_F"]
[Site "?"]
[Date "2004.??.??"]
[Round "?"]
[White "Zidu, Jan"]
[Black "Pospisil, Ludvik"]
[Result "1/2-1/2"]
[WhiteElo "2310"]
[BlackElo "2445"]
[PlyCount "50"]
[EventDate "2004.04.27"]
[EventType "corr"]
[EventRounds "1"]
[SourceDate "2004.04.27"]

1. e4 e5 2. Nf3 d6 3. d4 exd4 4. Qxd4 a6 5. Bf4 Nc6 6. Qd2 Nf6 7. Nc3 Be7 8.
O-O-O O-O 9. Bd3 Be6 10. Nd5 Re8 11. Kb1 h6 12. Rhe1 Nxd5 13. exd5 Bxd5 14.
Bxh6 Bf6 15. Rxe8+ Qxe8 16. Re1 Qd8 17. Bf4 Bxf3 18. gxf3 Ne5 19. Bxe5 dxe5 20.
f4 exf4 21. Qxf4 c6 22. Qe3 g6 23. c3 Bg5 24. Qf3 Qf6 25. Qxf6 Bxf6 1/2-1/2

[Event "16MCR_F"]
[Site "?"]
[Date "2004.??.??"]
[Round "?"]
[White "Priesol, Daniel"]
[Black "Mezera, Lukas"]
[Result "1-0"]
[WhiteElo "2305"]
[BlackElo "2260"]
[PlyCount "67"]
[EventDate "2004.04.27"]
[EventType "corr"]
[EventRounds "1"]
[SourceDate "2004.04.27"]

1. e4 c5 2. Nf3 d6 3. d4 cxd4 4. Nxd4 Nf6 5. Nc3 g6 6. f3 Bg7 7. Be3 O-O 8. Qd2
Nc6 9. Bc4 Bd7 10. O-O-O Rc8 11. Bb3 Ne5 12. h4 h5 13. Bg5 Rc5 14. Kb1 b5 15.
g4 a5 16. gxh5 a4 17. h6 Bh8 18. Bd5 Kh7 19. Bxf6 Bxf6 20. f4 Ng4 21. h5 b4 22.
hxg6+ fxg6 23. Ncb5 Bxb5 24. Ne6 Qc8 25. e5 dxe5 26. Rhg1 b3 27. axb3 Bd7 28.
f5 gxf5 29. Nxf8+ Qxf8 30. Rxg4 fxg4 31. Be4+ Kh8 32. Qxd7 axb3 33. cxb3 Bg5
34. Qxg4 1-0

[Event "16MCR_F"]
[Site "?"]
[Date "2004.??.??"]
[Round "?"]
[White "Canibal, Jaromir"]
[Black "Viktora, Zdenek"]
[Result "1/2-1/2"]
[WhiteElo "2300"]
[BlackElo "2285"]
[PlyCount "62"]
[EventDate "2004.04.27"]
[EventType "corr"]
[EventRounds "1"]
[SourceDate "2004.04.27"]

1. d4 d5 2. c4 e6 3. Nc3 c6 4. Nf3 dxc4 5. e3 b5 6. a4 Qb6 7. axb5 cxb5 8. b3
Bb4 9. Qc2 cxb3 10. Qxb3 Bxc3+ 11. Qxc3 Bd7 12. Ba3 Nf6 13. Qb2 Na6 14. Bd3 Nd5
15. O-O b4 16. Bxa6 Qxa6 17. Bxb4 Qb5 18. Rfb1 Nxb4 19. Qxb4 Qxb4 20. Rxb4 a5
21. Ne5 O-O 22. Rb6 Be8 23. Nd3 a4 24. f3 h5 25. Kf2 Bd7 26. Nc5 Rfd8 27. e4
Be8 28. Ke3 Rdc8 29. f4 Rcb8 30. Rxb8 Rxb8 31. h4 Kf8 1/2-1/2

[Event "16MCR_F"]
[Site "?"]
[Date "2004.??.??"]
[Round "?"]
[White "Mezera, Lukas"]
[Black "Canibal, Jaromir"]
[Result "1/2-1/2"]
[WhiteElo "2260"]
[BlackElo "2300"]
[PlyCount "80"]
[EventDate "2004.04.27"]
[EventType "corr"]
[EventRounds "1"]
[SourceDate "2004.04.27"]

1. e4 e5 2. Nf3 Nc6 3. Bb5 a6 4. Ba4 Nf6 5. O-O Be7 6. Re1 b5 7. Bb3 O-O 8. c3
d5 9. exd5 Nxd5 10. Nxe5 Nxe5 11. Rxe5 c6 12. d4 Bd6 13. Re1 Qh4 14. g3 Qh3 15.
Be3 Ra7 16. Qf3 Re8 17. Nd2 Rae7 18. Bxd5 cxd5 19. a4 bxa4 20. Rxa4 h5 21. Ra5
Bb7 22. Raa1 Bc8 23. Ra5 Bb7 24. Nf1 Re6 25. Raa1 Rf6 26. Qg2 Qf5 27. Bd2 Rfe6
28. Rxe6 Rxe6 29. Ne3 Qd3 30. Rd1 h4 31. Bc1 Qe2 32. Qf1 Qh5 33. Re1 hxg3 34.
fxg3 Qg6 35. Ng2 Rxe1 36. Qxe1 a5 37. Bf4 Bf8 38. Ne3 a4 39. Qc1 Qb6 40. Qc2
Qc6 1/2-1/2

[Event "16MCR_F"]
[Site "?"]
[Date "2004.??.??"]
[Round "?"]
[White "Pospisil, Ludvik"]
[Black "Priesol, Daniel"]
[Result "1-0"]
[WhiteElo "2445"]
[BlackElo "2305"]
[PlyCount "37"]
[EventDate "2004.04.27"]
[EventType "corr"]
[EventRounds "1"]
[SourceDate "2004.04.27"]

1. e4 e5 2. f4 Bc5 3. Qh5 d6 4. fxe5 g6 5. Qf3 dxe5 6. Bc4 Qh4+ 7. g3 Qf6 8.
Nc3 Nc6 9. Nd5 Qd6 10. Ne2 Be6 11. c3 O-O-O 12. b4 Bb6 13. Nxb6+ cxb6 14. Bxe6+
Qxe6 15. O-O f6 16. d4 Qc4 17. Be3 f5 18. exf5 Rf8 19. fxg6 1-0

[Event "16MCR_F"]
[Site "?"]
[Date "2004.??.??"]
[Round "?"]
[White "Boukal, Petr"]
[Black "Zidu, Jan"]
[Result "1/2-1/2"]
[WhiteElo "2435"]
[BlackElo "2310"]
[PlyCount "119"]
[EventDate "2004.04.27"]
[EventType "corr"]
[EventRounds "1"]
[SourceDate "2004.04.27"]

1. e4 c5 2. Nc3 a6 3. g3 b5 4. Bg2 Bb7 5. d3 e6 6. f4 d5 7. e5 h5 8. h3 Nc6 9.
Nf3 Nh6 10. Ne2 Nf5 11. O-O Be7 12. Bd2 Qb6 13. Kh2 Rd8 14. a4 b4 15. Qe1 c4
16. d4 a5 17. c3 Qc7 18. Rh1 b3 19. Kg1 Kd7 20. g4 hxg4 21. hxg4 Rxh1+ 22. Bxh1
Nh6 23. Qg3 f5 24. exf6 gxf6 25. Qh4 Nf7 26. f5 e5 27. Qh7 Rf8 28. Nh4 Ncd8 29.
Ng6 Re8 30. Kf1 Kc8 31. Re1 Qd6 32. Bg2 Bc6 33. Qg7 Bf8 34. Nxf8 Rxf8 35. Ng3
exd4 36. cxd4 Ng5 37. Nh5 Rf7 38. Qh6 c3 39. Bxc3 Qh2 40. Bd2 Qh4 41. Bxa5 Qxg4
42. Qh8 Rd7 43. Bxd8 Qxf5+ 44. Kg1 Rxd8 45. Qxf6 Qxf6 46. Nxf6 Rd6 47. Nh5 Rh6
48. Ng3 Nh3+ 49. Bxh3+ Rxh3 50. Kg2 Rh6 51. Ra1 Rh4 52. Nf5 Rh8 53. Rc1 Kb7 54.
Nd6+ Kc7 55. Nb5+ Kd7 56. Nc3 Rg8+ 57. Kf3 Rh8 58. Rg1 Rh3+ 59. Rg3 Rh4 60.
Rg7+ 1/2-1/2

[Event "16MCR_F"]
[Site "?"]
[Date "2004.??.??"]
[Round "?"]
[White "Hybl, Jaroslav"]
[Black "Styblo, Pavel"]
[Result "1/2-1/2"]
[WhiteElo "2430"]
[BlackElo "2320"]
[PlyCount "65"]
[EventDate "2004.04.27"]
[EventType "corr"]
[EventRounds "1"]
[SourceDate "2004.04.27"]

1. d4 Nf6 2. c4 c5 3. d5 e6 4. Nc3 exd5 5. cxd5 d6 6. Nf3 g6 7. e4 Bg7 8. h3
O-O 9. Bd3 b5 10. Bxb5 Nxe4 11. Nxe4 Qa5+ 12. Nfd2 Qxb5 13. Nxd6 Qa6 14. N2c4
Rd8 15. Bf4 Nd7 16. O-O Nb6 17. Nxb6 Qxb6 18. Nxc8 Raxc8 19. Rb1 Qb7 20. d6 Bf8
21. Qd3 Bxd6 22. Bxd6 Rc6 23. Rfd1 Rcxd6 24. Qxd6 Rxd6 25. Rxd6 Qb5 26. Rd5 Qc4
27. Rbd1 Qxa2 28. Rxc5 Qxb2 29. Ra5 Qe2 30. Rda1 Kg7 31. Rxa7 g5 32. Rd7 h5 33.
Rad1 1/2-1/2

[Event "16MCR_F"]
[Site "?"]
[Date "2004.??.??"]
[Round "?"]
[White "Dotlacil, Ladislav"]
[Black "Makovsky, Petr"]
[Result "1/2-1/2"]
[WhiteElo "2410"]
[BlackElo "2325"]
[PlyCount "44"]
[EventDate "2004.04.27"]
[EventType "corr"]
[EventRounds "1"]
[SourceDate "2004.04.27"]

1. d4 d5 2. Nf3 Nf6 3. e3 c6 4. c4 Bf5 5. cxd5 cxd5 6. Qb3 Qc7 7. Bd2 Nc6 8.
Bb5 e6 9. O-O Bd6 10. Bb4 O-O 11. Bxd6 Qxd6 12. Bxc6 bxc6 13. Nbd2 Nd7 14. Rac1
Rfc8 15. Qc3 c5 16. Qa3 Qf8 17. Nh4 cxd4 18. Qxf8+ Nxf8 19. Nxf5 exf5 20. exd4
Ne6 21. Nb3 Kf8 22. Rfe1 Rxc1 1/2-1/2